00909nam a2200217 i 4500001000300000100002500003245011400028260006900142300003500211490007000246500007900316500003400395504001400429650002000443830005900463040000800522041000800530080001400538008004100552856009800593bg1 aYashchyshyn, Yevhen.10aAnteny z elektrycznym kształtowaniem charakterystyki kierunkowej - nowe rozwiązania /cYevhen Yashchyshyn. aWarszawa :bOficyna Wydawnicza Politechniki Warszawskiej,c2006. a150 s. :brys.,wykr. ;c24 cm.1 aPrace Naukowe. Elektronika / Politechnika Warszawska ;v0137-2343 aOpis. wg okł. Tyt. nagł. serii: Prace Naukowe Politechniki Warszawskiej. aNumeracja ser. gł. : z. 156. aBibliogr. 9aAntenyxbadanie 0aPrace Naukowe. Elektronika (Politechnika Warszawska) ; cBPK0 apol a621.396.6 s pl f |000 0 pol  uhttp://koha.tu.koszalin.pl/cgi-bin/koha/opac-detail.pl?biblionumber=53062yKatalog online BPK